000 00711nam a2200289Ia 4500
005 20260324143538.0
008 008 260324s9999 xx 000 0 eng d
020 _a9780203473269
037 _aEBOOK
040 _aCRL
040 _beng
040 _cCRL
041 _2eng
041 _aeng
084 _qCRL
100 _aO. Bevan; T.J. Dixon; S. Hargitay
_91216030
245 0 _aMicrocomputers in Property
245 2 _bA surveyor's guide to Lotus 1-2-3 and dBASE IV
260 _bTaylor and Francis
260 _c1991
365 _a
365 _b240
856 _uhttp://www.taylorfrancis.com/books/9780203473269
942 _cEBOOK
999 _c1821561
_d1821561